000 00638na a2200241 4500
001 12762
003 MIRAKIL
005 20181213154755.0
008 160922b tu 000 0
020 _a9789753350570
035 _a12762
040 _aMilas
_btur
_cTR-AnCHP
082 _a305.6
_bB24k
090 _a305.6 B24k 2007
100 _aBalkız, Ali
222 _aAlevilik
245 _aKent koşullarında sosyolojik olgu olarak alevilik
_b yazılar
_c Ali Balkız
260 _aİstanbul
_bAlev Yayınları
_c2007
300 _a176 s.
_c23 sm.
650 _aDin ve toplum
650 _aAlevilik
_zTürkiye
942 _2ddc
_cBKS
999 _c609
_d609